000
00203 a2200097 4500
001
56736
100
_a
245
_a
Captains Orinoco's Onion
260
_a
Australia
_b
V. G. L.
_c
090
_c
34867
_d
34867
942
_a
NUST-CAE
_c
_c
27632
999
_c
291809
_d
291809